000 00561nam a2200193Ii 4500
003 JO-AjNU
008 230605s9999||||xx |||||||||||||| ||und||
040 _aJO-AjNU
_bara
_erda
_cJO-AjNU
041 _aara
050 1 4 _aPJ7832.A448.A17 1900
100 3 _aتأليف الحوامدة، عبد الهادي,
_eauthor
_948896
245 0 0 _aطفل الستين
264 3 1 _aد.ن
300 _a57ص
336 _atext
_btxt
_2rdacontent
337 _aunmediated
_bn
_2rdamedia
338 _avolume
_bnc
_2rdacarrier
650 4 _aالشعر العربي
_948897
999 _aA21443
_c25011
_d25011